000 00623cam a22002293a 4500
001 14358
003 PGUSA
005 20140828083316.0
008 041215s2004||||xxu|||||s|||||000 | eng d
040 _aPGUSA
_beng
042 _adc
050 4 _aPN
245 1 2 _aA Little Book of Filipino Riddles
_h[electronic resource]
260 _bProject Gutenberg,
_c2004
506 _aPublic domain in the USA.
516 _aElectronic text
653 _aRiddles, Philippine
700 1 _aStarr, Frederick,
_d1858-1933
830 0 _aProject Gutenberg
_v14358
856 4 0 _uhttp://www.gutenberg.org/ebooks/14358
942 _cEB
999 _c243613
_d243613